• 首页
  • 本馆介绍
  • 公告通知
  • 最新文献
  • 馆藏检索
  • 电子资源
  • 读者导购
  • 参考咨询
  • 我的图书馆
  • 登录
  • 详细信息显示
  • 放入我的书架
  • 预约/预借图书
  • 作者相关作品
  • 分类相关作品
  • 丛书相关作品
  • 出版社相关作品

书目信息

  • 表格格式
  • 工作单格式
  • 卡片格式
题名:
高分子合成
    
 
作者: 贝利 编 ;冯汉保 , 洪啸吟 译
分册: 第四卷  
出版信息: 北京   科学出版社  1978
页数: 193页
开本: 19cm
丛书名:
单 册:
中图分类: TQ314.2
科图分类:
主题词: 高聚物反应 , 高聚物--原料--辅助材料--原料 , 高聚物--辅助材料
电子资源:
ISBN:
000 00829nam0 2200277 45
001 0183006701
005 20060927104252.32
010    @dCNY0.78
091    @a13031.885
100    @a19950726d1978 em y0chiy0121 ea
101 1  @achi@ceng
102    @aCN@b110000
105    @ay z 000yy
200 10 @a高分子合成@Agao fen zi he cheng@h第四卷@f(美)W·J·贝利编@F(mei)W·J·bei li bian@g洪啸吟,冯汉保译@Ghong xiao yin,feng han bao yi
210    @a北京@c科学出版社@d1978
215    @a193页@d19cm
606    @a高聚物反应
606 0  @a高聚物@x原料@x辅助材料@x原料
606 0  @a高聚物@x辅助材料
690    @aTQ314.2@v3
701  0 @a贝利@Abei li@4编
702  0 @a冯汉保@Afeng han bao@4译
702  0 @a洪啸吟@Ahong xiao yin@4译
801  0 @aCN@b上海图书馆@c20060927
801  2 @aCN@bNLC@c20060818
905    @dTQ314.2@e1:4
    
    高分子合成.第四卷/(美)W·J·贝利编/洪啸吟,冯汉保译.-北京:科学出版社,1978
    193页;19cm
    
    
    ISBN :CNY0.78
    
●
相关链接 在E读中查询图书 在五车中查询图书 在当当中查询图书 在豆瓣中查询图书


正题名:高分子合成     索取号:TQ314.2/1:4         预约/预借

序号 登录号 条形码 馆藏地/架位号 状态 备注
1 0004536   000699970   第二样本阅览室/ [索取号:TQ314.2/1:4] 在馆    
2 0422514   204225141   密集书库/ [索取号:TQ314.2/1:4] 在馆    
3 0422515   204225150   密集书库/ [索取号:TQ314.2/1:4] 在馆    
唐山师范学院图书馆 欢迎您!
大连网信软件有限公司© 版权所有